| 000 | 00000nam##2200000za#4500 |
| 001 | 9.661726 |
| 003 | CaOODSP |
| 005 | 20200330131015 |
| 007 | ta |
| 008 | 150407|2000||||xxc||||| f|0| 0 fre|d |
| 020 | |a0-662-64847-1 |
| 040 | |aCaOODSP|bfre |
| 041 | |aeng |
| 041 | |afre |
| 043 | |an-cn--- |
| 086 | 1 |aEn105-59/2000 |
| 110 | 1 |aCanada. |bAgence canadienne d'évaluation environnementale. |
| 245 | 10|aGuide de référence sur le recouvrement des coûts applicables aux commissions d'examen d'évaluation environnementale à l'intention des promoteurs de projets |
| 260 | |aOttawa - Ontario : |bAgence canadienne d'évaluation environnementale |c2000. |
| 300 | |aTexte français, 18p. ; |c28 cm. |
| 500 | |aN.B.: Numéro de catalogue incorrect (En21-200/2000) imprimé dans cette publication. |
| 546 | |aBilingue |
| 563 | |aCouverture souple |
| 590 | |a00-19|b2000-05-12 |
| 691 | 07|aFinancement|2gcpds |
| 691 | 07|aPolitique environnementale|2gcpds |
| 691 | 07|aÉvaluation environnementale|2gcpds |
| 691 | 07|aCoût|2gcpds |
| 776 | 0#|tGuide de référence sur le recouvrement des coûts applicables aux comissions d'examen d'évaluation environnementale à l'intention des promoteurs de projets |w(CaOODSP)9.639916 |
| 776 | 0#|tReference guide for project proponents on the cost recovery of environmental assessment review panels |w(CaOODSP)9.695828 |
| 791 | |tReference Guide for Project Proponents on the Cost Recovery of Environmental Assessment Review Panels |eeng|w(CaOODSP)9.661725 |